000 01031nam a22002173i 4500
001 80819
003 BD-RjUL
005 20221121123601.0
008 221122s1955 ii ||| | ara d
035 _a(BD-RjUL)80819
040 _aUkOxU
_beng
_erda
_cUkOxU
041 _aara
082 _223
_a340.59
_bMAK 1955
245 0 0 _aمُوطَّأ الإمام مالك / Muwaṭṭaʼ al-Imām Mālik /
_cرواية محمد بن الحسن الشيباني. مع التعليق الممجد على مُوطَّأ محمّد / شرح عبد الحيّ اللكنوي ; تعليق وتحقيق تقي الدين الندوي. ## riwāyat Muḥammad ibn al-Ḥasan al-Shaybānī. Maʿa al-taʿlīq al-mumajjid ʿalá muwaṭṭaʼ Muḥammad / sharḥ ʿAbd al-Ḥayy al-Laknawī ; taʿlīq wa-taḥqīq Taqī al-Dīn al-Nadwī.
264 1 _aDewand :
_bTutub khana ajijiah,
_c1955
300 _a392 p.;
_c27 cm
600 _aMuwaṭṭaʼ (Mālik ibn Anas)
_95951
650 _aIslamic law
650 _aHadith
942 _2ddc
_cBK
999 _c80819
_d80819